|
|
|
|
| LEADER |
00000nab a2200000 ar4500 |
| 001 |
vtls010184156 |
| 003 |
SK-MaSNL |
| 005 |
20260318121541.0 |
| 008 |
101028c20101023xo ||||||o| 000 b|hun |
| 015 |
|
|
|a SNBRB2010/10
|2 snkbucl
|
| 038 |
|
|
|a SNKBUCL
|
| 040 |
|
|
|a DSZK
|b slo
|c DSZK
|e AACR2
|
| 041 |
0 |
|
|a hun
|
| 044 |
|
|
|a xo
|c SK
|
| 080 |
|
|
|a 792.562
|x (048)
|2 2001
|
| 100 |
1 |
|
|a Fecsó, Yvett,
|d 1968-
|4 aut
|9 263020
|
| 245 |
1 |
0 |
|a A könnyed szórakozás vonzásában
|b Moravetz Levente rendezésében mutatták be a Marica grófnő című operettet a kassai Jumbo Centrumban
|c Fecsó Yvett
|
| 300 |
|
|
|b Fotogr.
|
| 600 |
1 |
7 |
|a Kálmán, Emmerich,
|d 1882-1953
|t Grófka Marica
|2 snkbucl
|9 1225799
|
| 610 |
2 |
7 |
|a Divadlo Thália (Košice, Slovensko)
|2 SNKKA
|9 31809
|
| 650 |
0 |
7 |
|a operety
|2 SNKPH
|9 3217
|
| 651 |
|
7 |
|a Košice (Slovensko)
|2 SNKPHgeo
|9 18694
|
| 655 |
|
7 |
|a recenzie
|2 SNKPH
|9 21907
|
| 740 |
0 |
2 |
|a Marica grófnő
|
| 773 |
0 |
|
|t Új szó
|g Évf. 63, sz. 245 (23.10.2010), o. 8
|x 1335-7050
|
| 852 |
|
|
|a SNK
|b KIS3GCP
|
| 852 |
|
|
|a DSZK
|b KIS3GCP
|
| 958 |
|
|
|a HU
|
| 958 |
|
|
|a SK
|
| 958 |
|
|
|a RC
|
| 999 |
|
|
|c 3231009
|d 3232939
|